Vplyv offshore outsourcingu na rozvoj globálneho systému výroby na príklade transnacionálnych korporácii vo vybraných odvetviach bakalárska práca

Enregistré dans:
Détails bibliographiques
Auteur principal: Lukáčová, Laura
Collectivité auteur: Obchodná fakulta EU. Katedra medzinárodného obchodu
Autres auteurs: Verček, Peter
Format: Livre
Langue:slovaque
Publié: Bratislava 2014
Tags: Ajouter un tag
Pas de tags, Soyez le premier à ajouter un tag!

MARC

LEADER 00000nbm a2200000 4500
001 0188338
005 20170201101816.9
041 0 |a slo 
044 |a SK 
245 1 0 |a Vplyv offshore outsourcingu na rozvoj globálneho systému výroby na príklade transnacionálnych korporácii vo vybraných odvetviach  |b bakalárska práca  |c Laura Lukáčová ; školiteľ: Peter Verček 
264 1 |a Bratislava  |c 2014 
300 |a 55 s. 
100 1 |a Lukáčová, Laura 
700 1 |a Verček, Peter 
710 2 |a Obchodná fakulta EU. Katedra medzinárodného obchodu